=LDR 00000nam 2200000 4500 =001 NUTBA000000000004103 =005 20251028082525 =035 ##$$a 0010-091400000000136 =008 251028################g##########0#ind## =020 ##$$a 978-979-077-584-8 =040 ##$$a NBPDMAT =082 ##$$a 540 =090 ##$$a 540 $b Yay k =100 ##$$a Yayan Sunarya =245 1#$$a Kimia dasar 2 : $b Berdasakan prinsip-prinsip kimia terkini /$c Yayan Sunarya =260 ##$$a Bandung :$b Yrama Wadya,$c 2012 =300 ##$$a xii, 596 hlm. : $b ilus. ; $c 23x15 cm. =500 ##$$a Bibliografi : hlm. 546 =650 #4$$a Kimia =084 ##$$a 540 YAY k =990 ##$$a 21410357 =990 ##$$a 21410358 =990 ##$$a 21410359 =990 ##$$a 21410360 =990 ##$$a 21410361 =990 ##$$a 21410362 =990 ##$$a 21410363 =990 ##$$a 21410364 =990 ##$$a 21410365 =990 ##$$a 21410366 =990 ##$$a 21410357 =990 ##$$a 21410358 =990 ##$$a 21410359 =990 ##$$a 21410360 =990 ##$$a 21410361 =990 ##$$a 21410362 =990 ##$$a 21410363 =990 ##$$a 21410364 =990 ##$$a 21410365 =990 ##$$a 21410366 =990 ##$$a 21410358 =990 ##$$a 21410357 =990 ##$$a 21410359 =990 ##$$a 21410360 =990 ##$$a 21410361 =990 ##$$a 21410362 =990 ##$$a 21410363 =990 ##$$a 21410364 =990 ##$$a 21410365 =990 ##$$a 21410366 =990 ##$$a 21410359 =990 ##$$a 21410357 =990 ##$$a 21410358 =990 ##$$a 21410360 =990 ##$$a 21410361 =990 ##$$a 21410362 =990 ##$$a 21410363 =990 ##$$a 21410364 =990 ##$$a 21410365 =990 ##$$a 21410366 =990 ##$$a 21410360 =990 ##$$a 21410357 =990 ##$$a 21410358 =990 ##$$a 21410359 =990 ##$$a 21410361 =990 ##$$a 21410362 =990 ##$$a 21410363 =990 ##$$a 21410364 =990 ##$$a 21410365 =990 ##$$a 21410366 =990 ##$$a 21410361 =990 ##$$a 21410357 =990 ##$$a 21410358 =990 ##$$a 21410359 =990 ##$$a 21410360 =990 ##$$a 21410362 =990 ##$$a 21410363 =990 ##$$a 21410364 =990 ##$$a 21410365 =990 ##$$a 21410366 =990 ##$$a 21410362 =990 ##$$a 21410357 =990 ##$$a 21410358 =990 ##$$a 21410359 =990 ##$$a 21410360 =990 ##$$a 21410361 =990 ##$$a 21410363 =990 ##$$a 21410364 =990 ##$$a 21410365 =990 ##$$a 21410366 =990 ##$$a 21410363 =990 ##$$a 21410357 =990 ##$$a 21410358 =990 ##$$a 21410359 =990 ##$$a 21410360 =990 ##$$a 21410361 =990 ##$$a 21410362 =990 ##$$a 21410364 =990 ##$$a 21410365 =990 ##$$a 21410366 =990 ##$$a 21410364 =990 ##$$a 21410357 =990 ##$$a 21410358 =990 ##$$a 21410359 =990 ##$$a 21410360 =990 ##$$a 21410361 =990 ##$$a 21410362 =990 ##$$a 21410363 =990 ##$$a 21410365 =990 ##$$a 21410366 =990 ##$$a 21410365 =990 ##$$a 21410357 =990 ##$$a 21410358 =990 ##$$a 21410359 =990 ##$$a 21410360 =990 ##$$a 21410361 =990 ##$$a 21410362 =990 ##$$a 21410363 =990 ##$$a 21410364 =990 ##$$a 21410366 =990 ##$$a 21410366 =990 ##$$a 21410357 =990 ##$$a 21410358 =990 ##$$a 21410359 =990 ##$$a 21410360 =990 ##$$a 21410361 =990 ##$$a 21410362 =990 ##$$a 21410363 =990 ##$$a 21410364 =990 ##$$a 21410365